000
00326nam a22001457a 4500
008
210310b ||||| |||| 00| 0 eng d
020
_a
0070714274
041
_a
eng
080
_2
2nd
_a
541
082
_a
541
100
_a
12
101
_a
KIM
245
_a
Introduction to College Chemistry
_c
Wolfe, D. H
942
_2
udc
_c
BK
999
_c
56246
_d
56246